Loading...
Kerala Varma Prabhashanangaliloote.
| Main Author: | |
|---|---|
| Format: | Printed Book |
| Published: |
Kottayam :
Current Books,
1995.
|
| Subjects: |
| LEADER | 00484nam a22001457a 4500 | ||
|---|---|---|---|
| 020 | |a 8124002290 | ||
| 082 | |a 809.5 |b GAN/K | ||
| 100 | |a Gangadharan,Thikkurissi. | ||
| 245 | |a Kerala Varma Prabhashanangaliloote. | ||
| 260 | |a Kottayam : |b Current Books, |c 1995. | ||
| 300 | |a 176p.; | ||
| 650 | |a Literature-malayalam. | ||
| 942 | |c BK | ||
| 999 | |c 100190 |d 100190 | ||
| 952 | |0 0 |1 0 |4 0 |6 809_500000000000000_GAN_K |7 0 |9 93510 |a SSS |b SSS |c MM |d 2012-03-29 |g 40.00 |l 0 |o 809.5 GAN/K |p SSS05768 |r 2012-03-29 |w 2012-03-29 |y BK | ||